Metrics : how to improve key business results /

Provides a step-by-step method for building an organizational effectiveness report card. This books shows how to identify, collect, analyze and report metrics that will be useful for improving all aspects of the enterprise, understand the difference between data, measures, information and metrics, d...

Full description

Bibliographic Details
Main Author: Klubeck, Martin
Format: Book
Language:English
Published: [Berkeley, Calif.] : Apress ; [2011]
Subjects:

MARC

Tag First Indicator Second Indicator Subfields
LEADER 00000cam a2200000 a 4500
001 in00002691221
005 20151202151418.0
008 120207s2011 caua 001 0 eng d
020 |a 9781430237266 
020 |a 1430237260 
035 |a (OCoLC)ocn775503564 
040 |a HNC  |c HNC  |d YDX  |d BWX  |d UNL  |d TXA  |d UtOrBLW 
049 |a TXAM 
090 |a HD58.9  |b .K58 2011 
100 1 |a Klubeck, Martin. 
245 1 0 |a Metrics :  |b how to improve key business results /  |c Martin Klubeck. 
264 1 |a [Berkeley, Calif.] :  |b Apress ;  |c [2011] 
264 2 |a New York :  |b Distributed by Springer Science+Business Media, 
264 4 |c ©2011 
300 |a xix, 351 pages :  |b illustrations ;  |c 23 cm. 
336 |a text  |b txt  |2 rdacontent 
337 |a unmediated  |b n  |2 rdamedia 
338 |a volume  |b nc  |2 rdacarrier 
520 |a Provides a step-by-step method for building an organizational effectiveness report card. This books shows how to identify, collect, analyze and report metrics that will be useful for improving all aspects of the enterprise, understand the difference between data, measures, information and metrics, develop meaningful and accurate metrics, formulate practical answers to data-related questions and select and use the proper tools for creating, implementing and using metrics. 
500 |a Includes index. 
650 0 |a Organizational effectiveness  |x Evaluation. 
650 0 |a Organizational change. 
945 |a PromptCat 
948 |a cataloged  |b h  |c 2012/2/27  |d c  |e dmitchel  |f 8:44:16 am 
994 |a C0  |b TXA 
999 |a MARS 
999 f f |s 120a120d-4a37-3c57-93c5-7ab36f388e20  |i 7a6cbc85-efb3-3d41-96e0-e12b2e6364cf  |t 0 
952 f f |p ric  |a Texas A&M University  |b Rellis Campus  |c Joint Library Facility  |d Remote Storage  |t 0  |e HD58.9 .K58 2011  |h Library of Congress classification  |i unmediated -- volume  |m A14840533896 
998 f f |a HD58.9 .K58 2011  |t 0  |l Remote Storage